Religion in China / (Record no. 80)

MARC details
000 -LEADER
fixed length control field 00706nam a2200253 a 4500
001 - CONTROL NUMBER
control field 2318642
003 - CONTROL NUMBER IDENTIFIER
control field GBCCL
005 - DATE AND TIME OF LATEST TRANSACTION
control field 20241126110329.0
008 - FIXED-LENGTH DATA ELEMENTS--GENERAL INFORMATION
fixed length control field 811024s1980 nyua b 000 0 eng
010 ## -
-- 81116531
020 ## - INTERNATIONAL STANDARD BOOK NUMBER
International Standard Book Number 0377001031 (pbk.) :
Terms of availability $4.95
040 ## - CATALOGING SOURCE
Original cataloging agency DLC
Transcribing agency DLC
Modifying agency DLC
043 ## -
-- a-cc---
050 00 -
-- BL1802
-- .O77
082 00 - DEWEY DECIMAL CLASSIFICATION NUMBER
Classification number 200.951
Edition information 19
Item number ORR
100 1# - MAIN ENTRY--PERSONAL NAME
Personal name Orr, Robert G.
9 (RLIN) 1685
245 10 - TITLE STATEMENT
Title Religion in China /
Statement of responsibility, etc. Robert G. Orr.
260 ## - PUBLICATION, DISTRIBUTION, ETC.
Place of publication, distribution, etc. New York :
Name of publisher, distributor, etc. Friendship Press,
Date of publication, distribution, etc. c1980.
300 ## - PHYSICAL DESCRIPTION
Extent 144 p. :
Other physical details ill. ;
Dimensions 22 cm.
504 ## - BIBLIOGRAPHY, ETC. NOTE
Bibliography, etc. note Bibliography: p. 139-140.
651 #0 - SUBJECT ADDED ENTRY--GEOGRAPHIC NAME
Geographic name China
General subdivision Religion.
9 (RLIN) 1686
906 ## - LOCAL DATA ELEMENT F, LDF (RLIN)
a 7
b cbc
c orignew
d 2
e ncip
f 19
g y-gencatlg
942 ## - ADDED ENTRY ELEMENTS (KOHA)
Source of classification or shelving scheme Dewey Decimal Classification
Koha item type Books
Koha issues (borrowed), all copies 2
Holdings
Withdrawn status Lost status Source of classification or shelving scheme Damaged status Not for loan Home library Current Library Shelving location Date acquired Total checkouts Full call number Barcode Date last seen Date last checked out Copy number Price effective from Koha item type
    Dewey Decimal Classification     GRACE BIBLE COLLEGE GRACE BIBLE COLLEGE Philosophy and Religion 2016-05-23 3 200.951 ORR 008851 2025-05-01 2025-02-25 c.1 2016-05-23 Books
© Grace Bible College Library 2025